La langue et la littérature hindoustanies en 1874 (Record no. 154239)

MARC details
000 -LEADER
campo de control de longitud fija 00749nam a2200181 i 4500
001 - NÚMERO DE CONTROL
campo de control 154239
003 - IDENTIFICADOR DE NÚMERO DE CONTROL
campo de control ES-MaACL
005 - FECHA Y HORA DE LA ÚLTIMA TRANSACCIÓN
campo de control 20230906205600.0
008 - DATOS DE LONGITUD FIJA--INFORMACIÓN GENERAL
campo de control de longitud fija 050921s1875 fr |||| | fre d
040 ## - FUENTE DE CATALOGACIÓN
Centro catalogador/agencia de origen CAM
Lengua de catalogación spa
Centro/agencia transcriptor CAM
100 1# - ENTRADA PRINCIPAL--NOMBRE DE PERSONA
Nombre de persona Garcin de Tassy, Joseph Heliodore.
9 (RLIN) 55475
245 13 - MENCIÓN DEL TÍTULO
Título La langue et la littérature hindoustanies en 1874
Resto del título : revue annuelle /
Mención de responsabilidad, etc. par Garcin de Tassy.
260 ## - PUBLICACIÓN, DISTRIBUCIÓN, ETC.
Lugar de publicación, distribución, etc. Paris :
Nombre del editor, distribuidor, etc. Librairie Orientale de Maisonneuve et Cie.,
Fecha de publicación, distribución, etc. 1875 (
Lugar de fabricación/manufactura Versailles :
Fabricante Imp. G. Beaugrand et Dax)
300 ## - DESCRIPCIÓN FÍSICA
Extensión 116 p. ;
Dimensiones 23 cm.
650 #4 - PUNTO DE ACCESO ADICIONAL DE MATERIA--TÉRMINO DE MATERIA
Término de materia o nombre geográfico como elemento de entrada Lengua indostánica.
9 (RLIN) 162865
650 #4 - PUNTO DE ACCESO ADICIONAL DE MATERIA--TÉRMINO DE MATERIA
Término de materia o nombre geográfico como elemento de entrada Literatura india-
Subdivisión general Historia y crítica.
9 (RLIN) 162866
852 ## - LOCALIZACIÓN
Ubicación ES-MaACL
Número de control de estantería T-185-F-4
Nota libre - Enc. hol., falto de la enc. original
-- - Enc en un vol. facticio
Holdings
Estatus retirado Estado de pérdida Estado de daño No para préstamo Colección Biblioteca de origen Biblioteca actual Ubicación en estantería Fecha de adquisición Total de préstamos Signatura topográfica completa Código de barras Visto por última vez Precio de reemplazo Tipo de ítem Koha
        Colección de folletos Biblioteca del Ateneo de Madrid Biblioteca del Ateneo de Madrid Depósito folletos 17/01/2008   T-185-F-4 1161285 23/02/2023 23/02/2023 Folleto